| 000 | 00725nas a2200253 4500 | ||
|---|---|---|---|
| 001 | BR9103777 | ||
| 003 | BR-BrBNA | ||
| 005 | 20231205092134.0 | ||
| 007 | ta | ||
| 008 | 230509b bl.|||p| |||| 00| 00por d | ||
| 040 |
_aBR-BrBNA _bpor _cBiblioteca Nacional de Agricultura |
||
| 041 | _a(Pt) | ||
| 072 | _aH10 | ||
| 100 | 1 | _aGraat, P.J.M. | |
| 245 | 1 | _aProblemas causados por nematoides [flores e plantas ornamentais] | |
| 650 | _aFLOR | ||
| 650 | _aPLANTA ORNAMENTAL | ||
| 650 | _aNEMATOIDE | ||
| 650 | _aNEMATICIDA | ||
| 650 | _aERRADICACAO | ||
| 773 | 0 |
_tCorreio Agricola (Brazil) _xISSN 0100-3909 _g(Jan-Jun 1990), no. 1 p. 10-13 _wBR9103777 |
|
| 909 |
_a202311 _bLúcia _c55 _dLúcia Elande |
||
| 942 |
_2AGRIS _n0 _cANA |
||
| 999 |
_c129612 _d129612 |
||